Galway Football Scorers 2023 - Statistics

General Stats
  • This quiz has been taken 2 times
  • The average score is 7 of 15
Answer Stats
N Answer G P Total % Correct
4 Peter Cooke 0 10 10
100%
5 Cillian McDaid 0 6 6
50%
3 Damien Comer 1 9 12
50%
13 Dylan McHugh 0 1 1
50%
9 Ian Burke 0 4 4
50%
7 John Maher 0 5 5
50%
5 Johnny Heaney 0 6 6
50%
2 Matthew Tierney 2 15 21
50%
9 Paul Conroy 0 4 4
50%
14 Robert Finnerty 0 1 1
50%
7 Seán Kelly 1 2 5
50%
1 Shane Walsh 0 23 23
50%
14 Tomo Culhane 0 1 1
50%
9 Cathal Sweeney 0 4 4
0%
12 Cian Hernon 0 2 2
0%
No matching quizzes found
Score Distribution
Percent of People with Each Score
Percentile by Number Answered
Your Score History
You have not taken this quiz